000
00197 a2200097 4500
020
_a
9788423323357
041
_a
spa
100
_a
Butterworth, Nick
245
_a
Un dia libre ajetreado
942
_c
BK
999
_c
31924
_d
31922